<?xml version="1.0" encoding="UTF-8"?>
<record
    xmlns:xsi="http://www.w3.org/2001/XMLSchema-instance"
    xsi:schemaLocation="http://www.loc.gov/MARC21/slim http://www.loc.gov/standards/marcxml/schema/MARC21slim.xsd"
    xmlns="http://www.loc.gov/MARC21/slim">

  <leader>04503    a2200277   4500</leader>
  <controlfield tag="003">OSt</controlfield>
  <controlfield tag="005">20180116192338.0</controlfield>
  <controlfield tag="008">120516t        xxu||||| |||| 00| 0 eng d</controlfield>
  <datafield tag="010" ind1=" " ind2=" ">
    <subfield code="a">   00032228</subfield>
  </datafield>
  <datafield tag="020" ind1=" " ind2=" ">
    <subfield code="a">0419244409</subfield>
  </datafield>
  <datafield tag="020" ind1=" " ind2=" ">
    <subfield code="a">0419244700 (pbk.)</subfield>
  </datafield>
  <datafield tag="040" ind1=" " ind2=" ">
    <subfield code="c">0</subfield>
  </datafield>
  <datafield tag="082" ind1="0" ind2="0">
    <subfield code="a">727.3</subfield>
  </datafield>
  <datafield tag="100" ind1="1" ind2=" ">
    <subfield code="a">Edwards, Brian,</subfield>
    <subfield code="9">1452</subfield>
  </datafield>
  <datafield tag="245" ind1="1" ind2="0">
    <subfield code="a">University architecture /</subfield>
    <subfield code="c">Brian Edwards.</subfield>
  </datafield>
  <datafield tag="260" ind1=" " ind2=" ">
    <subfield code="a">London ;</subfield>
    <subfield code="a">New York :</subfield>
    <subfield code="b">Spon Press,</subfield>
    <subfield code="c">2000.</subfield>
  </datafield>
  <datafield tag="300" ind1=" " ind2=" ">
    <subfield code="a">vii, 164 p. :</subfield>
    <subfield code="b">ill. (some col.) ;</subfield>
    <subfield code="c">28 cm.</subfield>
  </datafield>
  <datafield tag="500" ind1=" " ind2=" ">
    <subfield code="a">Includes bibliographical refrences and index</subfield>
  </datafield>
  <datafield tag="505" ind1=" " ind2=" ">
    <subfield code="a">Part One: The campus-- 1 Academic mission and campus planning ...... 2    Defining a university: the challenge of design ....... 2     Types of masterplan  .........................  7    The  effect of time  ..........................  13    Notes  ...................................  21--  --2  Masterplans or development frameworks .... 22--  --3  Picturesque enclosure verus rational planning. 34--    The British campus in the twentieth century: the--    struggle  for identity  .........................  37--    Notes  ...................................  40--  --4  Practical problems ................... ....  41--     Circulation ...............................  41--     Defining  the  centre  .........................  46--     Skyline  ..................................  47--     Defining  the  edge  ..........................  50--     Establishing the footprint of key buildings ........ 51 --     Computing on campus ......................  53--     Landscape design ................... ......  54--     Environmentalism on the campus .............. 57--     The problem of the inner-city campus .......... 58--     Funding and implementation .................  60--     Note  ....................................  62--  --5  Sustainable development and the campus .... 63--     The economic impact of universities ............ 65--     Notes  ...................................  68--  --6  Crime, politics and the university campus .... 69--     Crime on campus  .........................  69--     Managing crime prevention ..................  71--     Birmingham University: a case study of     crime  prevention  ...........................  72--     The campus as political protest ...............  74--     Notes  ...................................  75--     --Part Two: Buildings 7  Libraries and learning resource centres ...... 78    The components of the library .................  80    Growth and change ................... ..... 82    Space  standards  .. .........................  83    Technical factors ...........................  85    Notes  ...................................  94--  --8  Laboratories and research buildings......... 95--    Detailed design of laboratories ............... 101--    Notes ..................................  108--      Sports halls and physical recreation ........... 109--    Lecture theatres  ..........................  112--    Medical schools  ..........................  116--    Note ...............  .................. 118--  --10 Art, design and music departments ......... 119--     Notes  ..................................  124--  --11  General teaching space  ..................  125--     Flexibility through building design  ......... ....  125--     Notes  ................ ............. ....  132--  --12  Student housing  ........................  133--     Housing types .................... ........  136--     Funding and flexibility  ......................  139     Detail design .............................  141--     Notes .................................. 147--  --Part Three: Conclusions-- --13 Why does the unversity campus matter? .... 150--     Design ideals and innovative technologies ....... 150 --     The campus as a work of art .................  151--     The evolution of building types  .... ............ 152--     Experiments in sustainable design .............  152--     Building bridges with the community ........... 154--     New growth, fresh paradigm ...............   154--     The campus of the Future .............</subfield>
  </datafield>
  <datafield tag="650" ind1=" " ind2="0">
    <subfield code="a">College buildings.</subfield>
    <subfield code="9">1453</subfield>
  </datafield>
  <datafield tag="650" ind1=" " ind2="0">
    <subfield code="a">Campus planning.</subfield>
    <subfield code="9">1454</subfield>
  </datafield>
  <datafield tag="856" ind1="4" ind2="1">
    <subfield code="3">Table of contents only</subfield>
    <subfield code="u">http://www.loc.gov/catdir/toc/fy043/00032228.html</subfield>
  </datafield>
  <datafield tag="856" ind1="4" ind2="1">
    <subfield code="3">Publisher description</subfield>
    <subfield code="u">http://www.loc.gov/catdir/enhancements/fy0652/00032228-d.html</subfield>
  </datafield>
  <datafield tag="942" ind1=" " ind2=" ">
    <subfield code="a">SADA</subfield>
    <subfield code="c">BK</subfield>
    <subfield code="k">727.3 EDW 2000</subfield>
    <subfield code="2">ddc</subfield>
  </datafield>
  <datafield tag="999" ind1=" " ind2=" ">
    <subfield code="c">352547</subfield>
    <subfield code="d">352547</subfield>
  </datafield>
  <datafield tag="952" ind1=" " ind2=" ">
    <subfield code="0">0</subfield>
    <subfield code="1">0</subfield>
    <subfield code="2">ddc</subfield>
    <subfield code="4">0</subfield>
    <subfield code="7">0</subfield>
    <subfield code="a">SADA</subfield>
    <subfield code="b">SADA</subfield>
    <subfield code="d">2010-11-24</subfield>
    <subfield code="l">11</subfield>
    <subfield code="m">6</subfield>
    <subfield code="o">727.3 EDW 2000</subfield>
    <subfield code="p">SADA0000426</subfield>
    <subfield code="q">2026-05-19</subfield>
    <subfield code="r">2026-04-14</subfield>
    <subfield code="s">2026-04-14</subfield>
    <subfield code="v">5257.00</subfield>
    <subfield code="w">2011-08-05</subfield>
    <subfield code="y">BK</subfield>
  </datafield>
</record>
